[Event "56. Hungría ch 2006"]
[Site "Szekesfehervar HUN"]
[Date "2006.03.01"]
[Round "1.2"]
[White "Portisch, Lajos"]
[Black "Cao, Sang"]
[Result "0-1"]
[WhiteElo "2533"]
[BlackElo "2543"]
[PlyCount "80"]
[EventDate "2006.03.01"]
[EventType "tourn"]
[EventRounds "9"]
[EventCountry "HUN"]
[Source "lmi"]
[SourceDate "2006.03.10"]

1. c4 Nf6 2. Nc3 e5 3. g3 Bb4 4. Nf3 Bxc3 5. bxc3 e4 6. Nd4 O-O 7. Bg2 Nc6 8.
O-O Ne5 9. d3 c5 10. Nc2 d5 11. Bf4 Qe7 12. Ne3 exd3 13. exd3 dxc4 14. dxc4 Rd8
15. Qb1 h6 16. Nd5 Nxd5 17. cxd5 g5 18. Bxe5 Qxe5 19. Qb5 Qd6 20. Rae1 Bd7 21.
Qb1 b6 22. Qd3 Re8 23. Qa6 Qf6 24. Qd3 Re5 25. Rxe5 Qxe5 26. f4 gxf4 27. Rxf4
Re8 28. Re4 Qg5 29. Rxe8+ Bxe8 30. h4 Qe5 31. Kh2 Kg7 32. c4 Bd7 33. Qa3 Bg4
34. Bf3 Bf5 35. Qc1 Qd4 36. Qe1 Bd3 37. Qe7 Qf6 38. Qe3 Bxc4 39. Bg2 Qd4 40.
Qf3 Bd3 0-1

[Event "56. Hungría ch 2006"]
[Site "Szekesfehervar HUN"]
[Date "2006.03.02"]
[Round "2.1"]
[White "Balogh, Csaba"]
[Black "Ruck, Robert"]
[Result "1/2-1/2"]
[WhiteElo "2561"]
[BlackElo "2540"]
[PlyCount "58"]
[EventDate "2006.03.01"]
[EventType "tourn"]
[EventRounds "9"]
[EventCountry "HUN"]
[Source "lmi"]
[SourceDate "2006.03.10"]

1. e4 c6 2. d4 d5 3. Nc3 dxe4 4. Nxe4 Bf5 5. Ng3 Bg6 6. h4 h6 7. Nf3 Nd7 8. h5
Bh7 9. Bd3 Bxd3 10. Qxd3 e6 11. Bf4 Qa5+ 12. Bd2 Qc7 13. O-O-O Ngf6 14. Ne4
O-O-O 15. g3 Be7 16. Kb1 c5 17. Bf4 Qc6 18. Nxf6 Bxf6 19. Rhe1 c4 20. Qa3 a6
21. Qa5 Nb6 22. Ne5 Bxe5 23. Qxe5 Rhg8 24. g4 Nd5 25. Bg3 Qc7 26. Qe2 Qc6 27.
Qe5 Qc7 28. Qe2 Qc6 29. Qe5 Qc7 1/2-1/2

[Event "56. Hungría ch 2006"]
[Site "Szekesfehervar HUN"]
[Date "2006.03.02"]
[Round "2.2"]
[White "Cao, Sang"]
[Black "Berkes, Ferenc"]
[Result "1/2-1/2"]
[WhiteElo "2543"]
[BlackElo "2597"]
[PlyCount "30"]
[EventDate "2006.03.01"]
[EventType "tourn"]
[EventRounds "9"]
[EventCountry "HUN"]
[Source "lmi"]
[SourceDate "2006.03.10"]

1. e4 c5 2. Nf3 e6 3. Nc3 Nc6 4. Bb5 Nd4 5. Bd3 Ne7 6. O-O Nec6 7. b3 Nb4 8.
Bb2 Nxd3 9. cxd3 Be7 10. e5 Nf5 11. Ne4 b6 12. d4 Bb7 13. d3 O-O 14. dxc5 bxc5
15. Rc1 Rc8 1/2-1/2

[Event "56. Hungría ch 2006"]
[Site "Szekesfehervar HUN"]
[Date "2006.03.02"]
[Round "2.3"]
[White "Gyimesi, Zoltan"]
[Black "Portisch, Lajos"]
[Result "1-0"]
[WhiteElo "2602"]
[BlackElo "2533"]
[PlyCount "119"]
[EventDate "2006.03.01"]
[EventType "tourn"]
[EventRounds "9"]
[EventCountry "HUN"]
[Source "lmi"]
[SourceDate "2006.03.10"]

1. d4 d5 2. c4 c6 3. Nf3 Nf6 4. Nc3 dxc4 5. a4 Bf5 6. Ne5 Nbd7 7. Nxc4 Nb6 8.
Ne5 a5 9. g3 g6 10. Bg2 Bg7 11. O-O O-O 12. e3 Be6 13. Re1 Nfd7 14. Nd3 Bc4 15.
b3 Bxd3 16. Qxd3 Nc5 17. Qd1 Na6 18. Ba3 Qd7 19. Rc1 Rfd8 20. Ne4 Nd5 21. Nc5
Nxc5 22. Bxc5 e6 23. Bxd5 Qxd5 24. Bb6 Rd7 25. Rc5 Qd6 26. Qc1 h5 27. Bxa5 e5
28. dxe5 Bxe5 29. Bb4 Rad8 30. Rc4 Qe6 31. Ba5 Re8 32. Rd1 b5 33. axb5 cxb5 34.
Rc5 Bf6 35. Rxd7 Qxd7 36. Qd2 Qg4 37. Rxb5 h4 38. Rb4 Qe6 39. gxh4 Rc8 40. Qd1
Qh3 41. Qf1 Qf5 42. Rf4 Qxa5 43. Rxf6 Qd2 44. Kg2 Qd5+ 45. Rf3 Qxb3 46. Qa1 Qd5
47. Qd4 Qxd4 48. exd4 Rc1 49. Rd3 Kf8 50. d5 Ke7 51. h5 gxh5 52. Rh3 Rd1 53.
Rxh5 Kf8 54. Kf3 Kg7 55. Ke4 Kg6 56. Rh3 Kf6 57. Rd3 Re1+ 58. Kf4 Re7 59. d6
Rd7 60. h4 1-0

[Event "56. Hungría ch 2006"]
[Site "Szekesfehervar HUN"]
[Date "2006.03.02"]
[Round "2.5"]
[White "Horvath, Adam"]
[Black "Sax, Gyula"]
[Result "1/2-1/2"]
[WhiteElo "2532"]
[BlackElo "2539"]
[PlyCount "53"]
[EventDate "2006.03.01"]
[EventType "tourn"]
[EventRounds "9"]
[EventCountry "HUN"]
[Source "lmi"]
[SourceDate "2006.03.10"]

1. e4 c5 2. Nf3 e6 3. d4 cxd4 4. Nxd4 a6 5. Bd3 d5 6. exd5 Qxd5 7. Nc3 Qd8 8.
O-O Nf6 9. Be3 Nbd7 10. Ne4 Nxe4 11. Bxe4 Nf6 12. Qf3 Nxe4 13. Qxe4 Be7 14.
Rad1 Qc7 15. Bf4 Qc5 16. Rfe1 O-O 17. Nb3 Qb6 18. Rd3 f6 19. Be3 Qb4 20. Bd4 e5
21. a3 Qc4 22. Rc3 Qe6 23. Rh3 Qf5 24. Qd5+ Qe6 25. Qe4 Qf5 26. Qd5+ Qe6 27.
Qe4 1/2-1/2

[Event "56. Hungría ch 2006"]
[Site "Szekesfehervar HUN"]
[Date "2006.03.03"]
[Round "3.1"]
[White "Sax, Gyula"]
[Black "Balogh, Csaba"]
[Result "1/2-1/2"]
[WhiteElo "2539"]
[BlackElo "2561"]
[PlyCount "45"]
[EventDate "2006.03.01"]
[EventType "tourn"]
[EventRounds "9"]
[EventCountry "HUN"]
[Source "lmi"]
[SourceDate "2006.03.10"]

1. e4 c5 2. Nf3 d6 3. d4 cxd4 4. Nxd4 Nf6 5. Nc3 Nc6 6. Bc4 e6 7. Be3 Be7 8.
O-O O-O 9. Bb3 Bd7 10. f4 Nxd4 11. Bxd4 Bc6 12. Qe2 b5 13. Nxb5 Bxb5 14. Qxb5
Nxe4 15. f5 e5 16. Be3 Nf6 17. Rad1 Ng4 18. Rf3 Nxe3 19. Rxe3 Qb6 20. Qxb6 axb6
21. Rc3 Rfc8 22. Rxc8+ Rxc8 23. Rd5 1/2-1/2

[Event "56. Hungría ch 2006"]
[Site "Szekesfehervar HUN"]
[Date "2006.03.03"]
[Round "3.3"]
[White "Portisch, Lajos"]
[Black "Almasi, Zoltan"]
[Result "0-1"]
[WhiteElo "2533"]
[BlackElo "2646"]
[PlyCount "84"]
[EventDate "2006.03.01"]
[EventType "tourn"]
[EventRounds "9"]
[EventCountry "HUN"]
[Source "lmi"]
[SourceDate "2006.03.10"]

1. c4 e5 2. g3 Nf6 3. Bg2 d5 4. cxd5 Nxd5 5. Nf3 Nc6 6. O-O Nb6 7. d3 Be7 8.
Nbd2 O-O 9. a3 a5 10. b3 Be6 11. Bb2 f6 12. Qc2 Qd7 13. Rfd1 Rfd8 14. Rac1 Bf8
15. Qb1 Qf7 16. Qc2 Rd7 17. Ne1 Nd5 18. e3 Rad8 19. Nc4 Bg4 20. Rd2 b5 21. e4
Nde7 22. Ne3 Be6 23. Qc5 Rb8 24. b4 axb4 25. axb4 Rb6 26. N3c2 Nd4 27. Bxd4 Nc6
28. Qc3 exd4 29. Qb2 Ra6 30. Rb1 Ra2 31. Qc1 Ra4 32. Nf3 g6 33. Rd1 Bb3 34. Bh3
Rd8 35. e5 Nxe5 36. Nxe5 fxe5 37. Re1 Bg7 38. Na1 Bd5 39. Bg2 Bxg2 40. Kxg2 Rf8
41. Qd2 Ra2 42. Nc2 Bh6 0-1

[Event "56. Hungría ch 2006"]
[Site "Szekesfehervar HUN"]
[Date "2006.03.03"]
[Round "3.4"]
[White "Berkes, Ferenc"]
[Black "Gyimesi, Zoltan"]
[Result "1/2-1/2"]
[WhiteElo "2597"]
[BlackElo "2602"]
[PlyCount "47"]
[EventDate "2006.03.01"]
[EventType "tourn"]
[EventRounds "9"]
[EventCountry "HUN"]
[Source "lmi"]
[SourceDate "2006.03.10"]

1. d4 Nf6 2. c4 e6 3. Nf3 d5 4. Nc3 c5 5. cxd5 Nxd5 6. e3 Nc6 7. Bc4 cxd4 8.
exd4 Be7 9. O-O O-O 10. Re1 a6 11. Bb3 b5 12. Nxd5 exd5 13. Ne5 Nxe5 14. dxe5
d4 15. Qd3 Qb6 16. Bd2 g6 17. e6 Bxe6 18. Rxe6 fxe6 19. Re1 Rf6 20. Bg5 Raf8
21. h4 Kg7 22. h5 Qd6 23. Bxf6+ Rxf6 24. Re4 1/2-1/2

[Event "56. Hungría ch 2006"]
[Site "Szekesfehervar HUN"]
[Date "2006.03.03"]
[Round "3.5"]
[White "Ruck, Robert"]
[Black "Cao, Sang"]
[Result "1/2-1/2"]
[WhiteElo "2540"]
[BlackElo "2543"]
[PlyCount "86"]
[EventDate "2006.03.01"]
[EventType "tourn"]
[EventRounds "9"]
[EventCountry "HUN"]
[Source "lmi"]
[SourceDate "2006.03.10"]

1. Nf3 Nf6 2. c4 b6 3. g3 Bb7 4. Bg2 e6 5. O-O Be7 6. Nc3 O-O 7. Re1 d5 8. cxd5
exd5 9. d4 Re8 10. Bf4 Na6 11. Rc1 c5 12. dxc5 bxc5 13. Qb3 Qb6 14. Ne5 Bf8 15.
Qxb6 axb6 16. Nc4 Re6 17. Ne3 Rae8 18. Nexd5 Nxd5 19. Nxd5 Rxe2 20. Rxe2 Rxe2
21. Nc3 Re7 22. Rd1 Nb4 23. Bxb7 Rxb7 24. Rd8 Nc6 25. Rc8 Ne7 26. Ra8 f6 27.
Nb5 g5 28. Bd6 Kg7 29. Kg2 Ng6 30. Bc7 Ne5 31. Ra6 Nd3 32. b3 Nb4 33. Ra8 Nc6
34. Rc8 Nd4 35. Nxd4 cxd4 36. Kf3 Bc5 37. Ke4 Kf7 38. a4 Ke6 39. Bb8 Kd7 40.
Rh8 Kc6 41. Rc8+ Kd7 42. Rh8 Kc6 43. Rc8+ Kd7 1/2-1/2

[Event "56. Hungría ch 2006"]
[Site "Szekesfehervar HUN"]
[Date "2006.03.04"]
[Round "4.1"]
[White "Balogh, Csaba"]
[Black "Cao, Sang"]
[Result "1/2-1/2"]
[WhiteElo "2561"]
[BlackElo "2543"]
[PlyCount "70"]
[EventDate "2006.03.01"]
[EventType "tourn"]
[EventRounds "9"]
[EventCountry "HUN"]
[Source "lmi"]
[SourceDate "2006.03.10"]

1. e4 c5 2. Nf3 d6 3. Nc3 a6 4. d4 cxd4 5. Nxd4 Nf6 6. Be3 e6 7. a4 Qc7 8. Be2
b6 9. f4 Bb7 10. Bf3 Nbd7 11. f5 e5 12. Nb3 Nc5 13. Nxc5 dxc5 14. g4 h6 15. h4
Rd8 16. Qe2 g6 17. g5 hxg5 18. Bxg5 Be7 19. fxg6 fxg6 20. h5 Nxh5 21. Rxh5 Rxh5
22. Bxh5 Bxg5 23. Bxg6+ Ke7 24. Qg4 Bf6 25. Bf5 Qb8 26. Be6 Rd4 27. Nd5+ Kd6
28. c3 Qh8 29. cxd4 Qh1+ 30. Ke2 Qxa1 31. dxc5+ bxc5 32. Nxf6 Qxb2+ 33. Kd1
Qb1+ 34. Kd2 Qb2+ 35. Kd1 Qb1+ 1/2-1/2

[Event "56. Hungría ch 2006"]
[Site "Szekesfehervar HUN"]
[Date "2006.03.04"]
[Round "4.2"]
[White "Gyimesi, Zoltan"]
[Black "Ruck, Robert"]
[Result "1/2-1/2"]
[WhiteElo "2602"]
[BlackElo "2540"]
[PlyCount "58"]
[EventDate "2006.03.01"]
[EventType "tourn"]
[EventRounds "9"]
[EventCountry "HUN"]
[Source "lmi"]
[SourceDate "2006.03.10"]

1. c4 c5 2. Nf3 Nf6 3. g3 d5 4. cxd5 Nxd5 5. Bg2 Nc6 6. Nc3 Nc7 7. O-O e5 8. d3
Be7 9. Nd2 Bd7 10. Nc4 f6 11. Ne3 Rb8 12. Ned5 O-O 13. Nxc7 Qxc7 14. Nd5 Qd8
15. Nxe7+ Qxe7 16. Be3 b6 17. Rc1 Rbc8 18. Re1 Be6 19. Qa4 Qd7 20. a3 Ne7 21.
Qxd7 Bxd7 22. b4 cxb4 23. axb4 Rxc1 24. Rxc1 Rc8 25. Rxc8+ Bxc8 26. f4 Kf7 27.
fxe5 fxe5 28. Kf2 Bd7 29. Bg5 h6 1/2-1/2

[Event "56. Hungría ch 2006"]
[Site "Szekesfehervar HUN"]
[Date "2006.03.04"]
[Round "4.5"]
[White "Sax, Gyula"]
[Black "Szabo, Krisztian"]
[Result "1/2-1/2"]
[WhiteElo "2539"]
[BlackElo "2447"]
[PlyCount "36"]
[EventDate "2006.03.01"]
[EventType "tourn"]
[EventRounds "9"]
[EventCountry "HUN"]
[Source "lmi"]
[SourceDate "2006.03.10"]

1. e4 c5 2. Nf3 d6 3. d4 cxd4 4. Qxd4 Nc6 5. Bb5 Bd7 6. Bxc6 Bxc6 7. Nc3 Nf6 8.
Bg5 e6 9. O-O-O Be7 10. Qd3 Qa5 11. h4 O-O 12. Nd4 Rfd8 13. f4 Rac8 14. f5 Bd7
15. Kb1 Qe5 16. Nf3 Qa5 17. Nd4 Qe5 18. Nf3 Qa5 1/2-1/2

[Event "56. Hungría ch 2006"]
[Site "Szekesfehervar HUN"]
[Date "2006.03.05"]
[Round "5.1"]
[White "Szabo, Krisztian"]
[Black "Balogh, Csaba"]
[Result "0-1"]
[WhiteElo "2447"]
[BlackElo "2561"]
[PlyCount "96"]
[EventDate "2006.03.01"]
[EventType "tourn"]
[EventRounds "9"]
[EventCountry "HUN"]
[Source "lmi"]
[SourceDate "2006.03.10"]

1. e4 c5 2. Nf3 d6 3. d4 cxd4 4. Nxd4 Nf6 5. Nc3 Nc6 6. Bg5 e6 7. Qd2 a6 8.
O-O-O h6 9. Nxc6 bxc6 10. Bf4 d5 11. Qe3 Qa5 12. Be2 dxe4 13. Qg3 Ra7 14. h4
Rb7 15. Rhe1 Rg8 16. Be5 Nd5 17. Bc4 Bb4 18. Bb3 f6 19. Bd4 f5 20. f3 Nxc3 21.
bxc3 Bxc3 22. Bxc3 Qxc3 23. Qg6+ Ke7 24. Kb1 e3 25. Qg3 Rd8 26. Rxd8 Kxd8 27.
f4 Rd7 28. Qxe3 Qxe3 29. Rxe3 Rd1+ 30. Kb2 Ke7 31. Kc3 Kf6 32. g3 Ke7 33. Kb4
Kd6 34. Bc4 Rd4 35. Rd3 c5+ 36. Ka5 e5 37. fxe5+ Kxe5 38. Rxd4 Kxd4 39. Bf1 g5
40. hxg5 hxg5 41. Kb6 c4 42. Kc7 Be6 43. Kd6 Bg8 44. a4 f4 45. gxf4 gxf4 46. a5
f3 47. Kc6 f2 48. Kb6 c3 0-1

[Event "56. Hungría ch 2006"]
[Site "Szekesfehervar HUN"]
[Date "2006.03.05"]
[Round "5.3"]
[White "Berkes, Ferenc"]
[Black "Horvath, Adam"]
[Result "1/2-1/2"]
[WhiteElo "2597"]
[BlackElo "2532"]
[PlyCount "142"]
[EventDate "2006.03.01"]
[EventType "tourn"]
[EventRounds "9"]
[EventCountry "HUN"]
[Source "lmi"]
[SourceDate "2006.03.10"]

1. d4 Nf6 2. c4 e6 3. Nc3 Bb4 4. f3 d5 5. a3 Bxc3+ 6. bxc3 c5 7. cxd5 Nxd5 8.
dxc5 Qa5 9. e4 Nf6 10. Be3 O-O 11. Qb3 Nfd7 12. a4 Qc7 13. Qa3 Na6 14. c6 Qxc6
15. Ne2 e5 16. Ng3 Ndc5 17. Bb5 Qc7 18. O-O Be6 19. Nf5 Nb3 20. Rab1 Nac5 21.
Nd4 exd4 22. cxd4 a6 23. Be2 Nxe4 24. fxe4 Qc3 25. Bd1 Qxe3+ 26. Kh1 Qxd4 27.
Bxb3 Qxe4 28. Bxe6 Qxe6 29. Rxb7 Rae8 30. h3 Qc4 31. Rc1 Qf4 32. Rb4 Qf2 33.
Qc3 Re3 34. Qc4 Rfe8 35. Rbb1 Re2 36. Rg1 R2e6 37. Rgf1 Qg3 38. Rb7 Qg6 39.
Rbxf7 Qxf7 40. Rxf7 Kxf7 41. Kh2 R8e7 42. h4 h6 43. Kh3 Kf8 44. a5 Kg8 45. g3
Kh8 46. Qd3 Re8 47. Qd7 Re5 48. g4 Re3+ 49. Kg2 Rb8 50. Qd2 Reb3 51. Qd5 Rc3
52. Qd2 Rcb3 53. Qd5 Ra3 54. Qd2 Rbb3 55. Qe2 Rb8 56. g5 hxg5 57. hxg5 Rxa5 58.
Qe3 Ra2+ 59. Kg3 Rab2 60. Qe1 R2b3+ 61. Kg4 R3b4+ 62. Kg3 Rb1 63. Qe6 R1b3+ 64.
Kg4 a5 65. Qc6 R3b4+ 66. Kg3 Rb3+ 67. Kg4 Rb1 68. g6 R1b4+ 69. Kg3 Rb3+ 70. Kg4
R3b4+ 71. Kg3 Rb3+ 1/2-1/2

[Event "56. Hungría ch 2006"]
[Site "Szekesfehervar HUN"]
[Date "2006.03.05"]
[Round "5.5"]
[White "Cao, Sang"]
[Black "Gyimesi, Zoltan"]
[Result "1/2-1/2"]
[WhiteElo "2543"]
[BlackElo "2602"]
[PlyCount "29"]
[EventDate "2006.03.01"]
[EventType "tourn"]
[EventRounds "9"]
[EventCountry "HUN"]
[Source "lmi"]
[SourceDate "2006.03.10"]

1. e4 e5 2. Nf3 Nc6 3. Bb5 a6 4. Ba4 Nf6 5. d4 exd4 6. O-O Be7 7. e5 Ne4 8.
Nxd4 Nxd4 9. Qxd4 Nc5 10. Nc3 O-O 11. Nd5 d6 12. Nxe7+ Qxe7 13. exd6 Qxd6 14.
Qxd6 cxd6 15. Bb3 1/2-1/2

[Event "56. Hungría ch 2006"]
[Site "Szekesfehervar HUN"]
[Date "2006.03.06"]
[Round "6.1"]
[White "Balogh, Csaba"]
[Black "Gyimesi, Zoltan"]
[Result "1/2-1/2"]
[WhiteElo "2561"]
[BlackElo "2602"]
[PlyCount "89"]
[EventDate "2006.03.01"]
[EventType "tourn"]
[EventRounds "9"]
[EventCountry "HUN"]
[Source "lmi"]
[SourceDate "2006.03.10"]

1. e4 e5 2. Nf3 Nc6 3. Bb5 Nf6 4. O-O Nxe4 5. Re1 Nd6 6. Nxe5 Be7 7. Bf1 Nxe5
8. Rxe5 O-O 9. d4 Bf6 10. Re1 Nf5 11. c3 d5 12. Bd3 Nh4 13. Nd2 Re8 14. Rxe8+
Qxe8 15. Nf1 Bf5 16. g3 Bxd3 17. Qxd3 Ng6 18. Ne3 Qd7 19. Qf5 Qxf5 20. Nxf5 Re8
21. Kf1 h5 22. Ne3 c6 23. Nf5 Re6 24. a4 Ne7 25. Nxe7+ Bxe7 26. h4 Kf8 27. Be3
Ke8 28. Ke2 Kd7 29. Kd3 Bd6 30. b3 Re8 31. Rg1 Rh8 32. c4 Bc7 33. Bd2 Re8 34.
Bf4 Bd6 35. c5 Bxf4 36. gxf4 Re4 37. Rxg7 Rxf4 38. Rh7 Rxf2 39. Ke3 Rh2 40.
Rxf7+ Kc8 41. Rf8+ Kc7 42. Rf7+ Kc8 43. Rf8+ Kc7 44. Rf7+ Kc8 45. Rf8+ 1/2-1/2

[Event "56. Hungría ch 2006"]
[Site "Szekesfehervar HUN"]
[Date "2006.03.06"]
[Round "6.2"]
[White "Almasi, Zoltan"]
[Black "Cao, Sang"]
[Result "1-0"]
[WhiteElo "2646"]
[BlackElo "2543"]
[PlyCount "99"]
[EventDate "2006.03.01"]
[EventType "tourn"]
[EventRounds "9"]
[EventCountry "HUN"]
[Source "lmi"]
[SourceDate "2006.03.10"]

1. e4 c5 2. Nf3 Nc6 3. d4 cxd4 4. Nxd4 Nf6 5. Nc3 e5 6. Ndb5 d6 7. Bg5 a6 8.
Na3 b5 9. Nd5 Be7 10. Bxf6 Bxf6 11. c3 O-O 12. Nc2 Bg5 13. Be2 Be6 14. O-O Ne7
15. Nce3 Rb8 16. Qd3 Bxe3 17. Nxe3 d5 18. Rfd1 dxe4 19. Qxe4 Qc7 20. Qb4 Rfc8
21. Qd6 Qxd6 22. Rxd6 a5 23. a3 g6 24. h3 h5 25. Ra6 b4 26. Rxa5 bxc3 27. bxc3
Rxc3 28. Rxe5 Nc6 29. Rb5 Ra8 30. Bf3 Ra4 31. Nd1 Rc2 32. Nb2 Rd4 33. a4 Nb4
34. Nd1 Bd7 35. Rb8+ Kg7 36. a5 Bc6 37. Ne3 Bxf3 38. Rxb4 Rxb4 39. Nxc2 Rb2 40.
gxf3 Rxc2 41. a6 Rc8 42. a7 Ra8 43. Kg2 Kf6 44. Kg3 Ke5 45. f4+ Ke4 46. Ra4+
Kd3 47. Kh4 Ke2 48. Kg5 Kxf2 49. Ra3 h4 50. Kf6 1-0

[Event "56. Hungría ch 2006"]
[Site "Szekesfehervar HUN"]
[Date "2006.03.06"]
[Round "6.3"]
[White "Horvath, Adam"]
[Black "Ruck, Robert"]
[Result "0-1"]
[WhiteElo "2532"]
[BlackElo "2540"]
[PlyCount "80"]
[EventDate "2006.03.01"]
[EventType "tourn"]
[EventRounds "9"]
[EventCountry "HUN"]
[Source "lmi"]
[SourceDate "2006.03.10"]

1. e4 c6 2. d4 d5 3. e5 Bf5 4. Nf3 e6 5. Be2 Ne7 6. O-O Nd7 7. Nbd2 h6 8. Nb3
Bh7 9. c3 Nf5 10. g4 Ne7 11. Nh4 h5 12. gxh5 Nf5 13. Nxf5 Bxf5 14. Bf4 Qb6 15.
Bg4 Bxg4 16. Qxg4 Qb5 17. Rad1 a5 18. Rd2 O-O-O 19. Bg3 Nb6 20. f4 Nc4 21. Re2
a4 22. Nc1 Nxb2 23. f5 Re8 24. Ref2 Kb8 25. h6 gxh6 26. Qh5 Ba3 27. Qxf7 exf5
28. Qxf5 h5 29. Bh4 Nc4 30. Qd3 Rhg8+ 31. Kh1 Rg4 32. Bf6 Re4 33. Re2 Ka7 34.
Rg1 Rxe2 35. Nxe2 Qb2 36. Qd1 Kb8 37. Nf4 Qxa2 38. Qxh5 Rc8 39. Qf3 Qc2 40. e6
Qf5 0-1

[Event "56. Hungría ch 2006"]
[Site "Szekesfehervar HUN"]
[Date "2006.03.06"]
[Round "6.4"]
[White "Sax, Gyula"]
[Black "Berkes, Ferenc"]
[Result "1/2-1/2"]
[WhiteElo "2539"]
[BlackElo "2597"]
[PlyCount "60"]
[EventDate "2006.03.01"]
[EventType "tourn"]
[EventRounds "9"]
[EventCountry "HUN"]
[Source "lmi"]
[SourceDate "2006.03.10"]

1. e4 e6 2. d4 d5 3. e5 c5 4. c3 Nc6 5. Nf3 Qb6 6. a3 a5 7. Bd3 Bd7 8. O-O Nh6
9. Bc2 Rc8 10. b3 cxd4 11. cxd4 Be7 12. Kh1 f6 13. Bxh6 gxh6 14. Qd2 fxe5 15.
dxe5 Nd8 16. Nc3 Qc7 17. Rfc1 Nf7 18. Nxd5 exd5 19. Bf5 Bc6 20. Bxc8 Qxc8 21.
Nd4 Nxe5 22. Re1 Ng6 23. Qxh6 Kf7 24. Re3 Bf6 25. Rf3 Qg4 26. Rd1 Qh4 27. Nf5
Qxh6 28. Nxh6+ Kg7 29. Nf5+ Kf7 30. Nh6+ Kg7 1/2-1/2

[Event "56. Hungría ch 2006"]
[Site "Szekesfehervar HUN"]
[Date "2006.03.06"]
[Round "6.5"]
[White "Szabo, Krisztian"]
[Black "Portisch, Lajos"]
[Result "1-0"]
[WhiteElo "2447"]
[BlackElo "2533"]
[PlyCount "59"]
[EventDate "2006.03.01"]
[EventType "tourn"]
[EventRounds "9"]
[EventCountry "HUN"]
[Source "lmi"]
[SourceDate "2006.03.10"]

1. e4 e5 2. Nf3 Nc6 3. Nc3 Nf6 4. Bb5 Bb4 5. O-O O-O 6. d3 d6 7. Bg5 Ne7 8. Nh4
Bg4 9. Qc1 Bxc3 10. bxc3 Nd7 11. h3 Be6 12. d4 f6 13. Bd2 Nb6 14. Bd3 c6 15.
Qe1 Nc4 16. Bc1 b5 17. g4 Qd7 18. Nf5 Nxf5 19. gxf5 Bf7 20. f4 Kh8 21. Kh2 Rae8
22. Qg3 Rg8 23. a4 a6 24. axb5 axb5 25. Rg1 b4 26. Qh4 bxc3 27. Rg4 Rgf8 28.
fxe5 dxe5 29. Rxg7 Kxg7 30. Bh6+ 1-0

[Event "56. Hungría ch 2006"]
[Site "Szekesfehervar HUN"]
[Date "2006.03.07"]
[Round "7.2"]
[White "Berkes, Ferenc"]
[Black "Szabo, Krisztian"]
[Result "1-0"]
[WhiteElo "2597"]
[BlackElo "2447"]
[PlyCount "97"]
[EventDate "2006.03.01"]
[EventType "tourn"]
[EventRounds "9"]
[EventCountry "HUN"]
[Source "lmi"]
[SourceDate "2006.03.10"]

1. d4 Nf6 2. c4 e6 3. Nc3 Bb4 4. Bg5 h6 5. Bh4 c5 6. d5 d6 7. e3 Bxc3+ 8. bxc3
e5 9. Qc2 Nbd7 10. Nf3 Qe7 11. Nd2 e4 12. Be2 g5 13. Bg3 Kd8 14. h4 Rg8 15. Qb1
Ne5 16. hxg5 hxg5 17. Nxe4 Bf5 18. Nxf6 Bxb1 19. Nxg8 Qf8 20. Rxb1 Qxg8 21.
Bxe5 dxe5 22. Rxb7 Kc8 23. Re7 Kd8 24. d6 Rb8 25. Rxa7 Qg7 26. Bg4 e4 27. g3
Ke8 28. Kf1 Rd8 29. Be6 Rxd6 30. Bxf7+ Kf8 31. Ra8+ Ke7 32. Bg8 Qe5 33. Rh7+
Kf6 34. Bd5 Kf5 35. Rg8 Rxd5 36. cxd5 Qxd5 37. Rf8+ Kg6 38. Rc7 Qd6 39. Rcc8 c4
40. Kg2 Qd3 41. Rc6+ Kh5 42. Rf5 Qxc3 43. Rcc5 Kh6 44. Rxg5 Qc2 45. Rgd5 Kg6
46. Rd6+ Kf7 47. Rc7+ Ke8 48. Rh6 Qc3 49. Rh8+ 1-0

[Event "56. Hungría ch 2006"]
[Site "Szekesfehervar HUN"]
[Date "2006.03.07"]
[Round "7.3"]
[White "Ruck, Robert"]
[Black "Sax, Gyula"]
[Result "1/2-1/2"]
[WhiteElo "2540"]
[BlackElo "2539"]
[PlyCount "22"]
[EventDate "2006.03.01"]
[EventType "tourn"]
[EventRounds "9"]
[EventCountry "HUN"]
[Source "lmi"]
[SourceDate "2006.03.10"]

1. c4 Nf6 2. Nc3 e5 3. Nf3 Nc6 4. a3 d5 5. d4 exd4 6. Nxd4 Be7 7. cxd5 Nxd5 8.
Nxc6 bxc6 9. Bd2 O-O 10. e4 Nb6 11. Bf4 Bd6 1/2-1/2

[Event "56. Hungría ch 2006"]
[Site "Szekesfehervar HUN"]
[Date "2006.03.08"]
[Round "8.2"]
[White "Horvath, Adam"]
[Black "Gyimesi, Zoltan"]
[Result "1/2-1/2"]
[WhiteElo "2532"]
[BlackElo "2602"]
[PlyCount "41"]
[EventDate "2006.03.01"]
[EventType "tourn"]
[EventRounds "9"]
[EventCountry "HUN"]
[Source "lmi"]
[SourceDate "2006.03.10"]

1. e4 e5 2. Nf3 Nc6 3. Bb5 a6 4. Ba4 Nf6 5. d4 exd4 6. O-O Be7 7. e5 Ne4 8.
Nxd4 O-O 9. Nf5 d5 10. exd6 Bxf5 11. dxe7 Nxe7 12. Bb3 Nc5 13. Nc3 Nxb3 14.
cxb3 Qxd1 15. Rxd1 c6 16. b4 Rfd8 17. Be3 Be6 18. Bb6 Rxd1+ 19. Rxd1 Nd5 20.
Nxd5 Bxd5 21. Re1 1/2-1/2

[Event "56. Hungría ch 2006"]
[Site "Szekesfehervar HUN"]
[Date "2006.03.08"]
[Round "8.3"]
[White "Sax, Gyula"]
[Black "Cao, Sang"]
[Result "1/2-1/2"]
[WhiteElo "2539"]
[BlackElo "2543"]
[PlyCount "22"]
[EventDate "2006.03.01"]
[EventType "tourn"]
[EventRounds "9"]
[EventCountry "HUN"]
[Source "lmi"]
[SourceDate "2006.03.10"]

1. e4 c5 2. Nf3 Nc6 3. Bb5 g6 4. Bxc6 dxc6 5. d3 Bg7 6. h3 Nf6 7. Nc3 O-O 8.
Be3 b6 9. Qd2 Re8 10. O-O e5 11. a3 Qd6 1/2-1/2

[Event "56. Hungría ch 2006"]
[Site "Szekesfehervar HUN"]
[Date "2006.03.08"]
[Round "8.4"]
[White "Szabo, Krisztian"]
[Black "Ruck, Robert"]
[Result "1/2-1/2"]
[WhiteElo "2447"]
[BlackElo "2540"]
[PlyCount "33"]
[EventDate "2006.03.01"]
[EventType "tourn"]
[EventRounds "9"]
[EventCountry "HUN"]
[Source "lmi"]
[SourceDate "2006.03.10"]

1. e4 c6 2. d4 d5 3. exd5 cxd5 4. c4 Nf6 5. Nc3 e6 6. Nf3 Bb4 7. Bd3 dxc4 8.
Bxc4 O-O 9. O-O b6 10. Bg5 Bb7 11. Ne5 Bxc3 12. bxc3 Qc7 13. Bxf6 gxf6 14. Qg4+
Kh8 15. Qh4 fxe5 16. Qf6+ Kg8 17. Qg5+ 1/2-1/2

[Event "56. Hungría ch 2006"]
[Site "Szekesfehervar HUN"]
[Date "2006.03.09"]
[Round "9.1"]
[White "Berkes, Ferenc"]
[Black "Balogh, Csaba"]
[Result "1/2-1/2"]
[WhiteElo "2597"]
[BlackElo "2561"]
[PlyCount "92"]
[EventDate "2006.03.01"]
[EventType "tourn"]
[EventRounds "9"]
[EventCountry "HUN"]
[Source "lmi"]
[SourceDate "2006.03.10"]

1. c4 Nf6 2. Nc3 e5 3. g3 Bb4 4. Bg2 Nc6 5. Nd5 Bc5 6. e3 Nxd5 7. cxd5 Ne7 8.
b4 Bd6 9. Bb2 c6 10. dxc6 dxc6 11. Ne2 O-O 12. a3 a5 13. bxa5 Qxa5 14. O-O Be6
15. d4 Bc4 16. Qc2 Bxe2 17. Qxe2 exd4 18. Rfd1 Be5 19. Bxd4 Bxd4 20. Rxd4 Qc3
21. Rb1 Rxa3 22. Rd7 Ra1 23. Qd1 Rxb1 24. Qxb1 Ng6 25. Rxb7 Ne5 26. Rb3 Qd2 27.
Rb2 Qd6 28. h3 Rd8 29. Kh2 h5 30. Qe4 Re8 31. Qf4 g6 32. Rb6 Re6 33. Ra6 Kg7
34. Ra2 c5 35. Rc2 Qe7 36. Qa4 c4 37. f4 Nd7 38. e4 h4 39. Qxc4 hxg3+ 40. Kxg3
Nf6 41. Qd4 Kh7 42. Rc8 Nh5+ 43. Kh2 Qf6 44. Qxf6 Rxf6 45. f5 gxf5 46. exf5 Rd6
1/2-1/2